000 00765nam a2200277 i 4500
001 C2-0103447
003 PPAK
005 20180727100717.0
008 970605s1990 txua|||| ||||| | eng d
020 _a0817237542
040 _aPPAK
_beng
_cPPAK
_erda
082 0 4 _a629.45
_223
090 0 0 _a629.45
_bGRE
_dK
100 1 _aGreenberg, Judith E.,
_eauthor
245 1 0 _aSpace
264 1 _aAustin, Texas :
_bRaintree Steck-Vaughn ,
_c1990
300 _a32 pages :
_bcolour illustrations ;
_c24 cm
336 _2rdacontent
_atext
337 _2rdamedia
_aunmediated
338 _2rdacarrier
_avolume
490 1 _aRaintree Science Adventure
650 1 0 _aManned space flight
700 _eauthor
830 0 _aRaintree Science Adventure
942 _ddc
_cB
999 _c24527
_d24527